| 000 | 00592nam a2200193 i 4500 | ||
|---|---|---|---|
| 001 | 83468 | ||
| 003 | ES-MaACL | ||
| 007 | t| | ||
| 008 | 041117s1985 sp ||||1| spa d | ||
| 020 | _a84-368-0266-7 | ||
| 100 | 1 |
_aIruretagoyena, María Teresa. _965496 |
|
| 245 | 1 | 0 |
_aContabilidad de costes / _cMaría Teresa Iruretagoyena. |
| 260 |
_aMadrid : _bPirámide, _c1985. |
||
| 300 |
_a254 p. ; _c24 cm. |
||
| 490 | 1 | _aEconomía y administración de empresas | |
| 830 | 0 |
_aEconomía y administración de empresas _9178282 |
|
| 852 |
_aES-MaACL _jL-9251 _bR.110948 |
||
| 999 |
_c83468 _d83468 |
||